|
|
|
|
| LEADER |
00000nam0a2200000 4500 |
| 001 |
335918 |
| 005 |
20231102004813.0 |
| 035 |
|
|
|a (RuTPU)RU\TPU\book\362330
|
| 090 |
|
|
|a 335918
|
| 100 |
|
|
|a 20171005d1978 km y0rusy50 ca
|
| 101 |
0 |
|
|a rus
|
| 102 |
|
|
|a RU
|
| 105 |
|
|
|a a z 001zy
|
| 200 |
1 |
|
|a Производство ферросплавов
|h Вып. 7
|i Шихтоподготовка и технология производства
|f под ред. А. Н. Морозова
|
| 210 |
|
|
|a Москва
|c Металлургия
|d 1978
|
| 215 |
|
|
|a 135 с.
|c ил.
|
| 320 |
|
|
|a Библиография в конце статей
|
| 606 |
1 |
|
|a Ферросплавы
|x Металлургия
|2 stltpush
|3 (RuTPU)RU\TPU\subj\63673
|9 80660
|
| 610 |
1 |
|
|a ферросплавное производство
|
| 610 |
1 |
|
|a ферросплавные печи
|
| 610 |
1 |
|
|a ферросплавные процессы
|
| 610 |
1 |
|
|a шихта
|
| 610 |
1 |
|
|a подготовка
|
| 610 |
1 |
|
|a технология производства
|
| 610 |
1 |
|
|a физико-химические исследования
|
| 610 |
1 |
|
|a пробоотбор
|
| 610 |
1 |
|
|a ванадий
|
| 610 |
1 |
|
|a гидрометаллургия
|
| 675 |
|
|
|a 669.168
|v 4
|
| 702 |
|
1 |
|a Морозов
|b А. Н.
|g Александр Николаевич
|4 340
|
| 801 |
|
1 |
|a RU
|b 63413507
|c 20171005
|
| 801 |
|
2 |
|a RU
|b 63413507
|c 20200826
|g RCR
|
| 942 |
|
|
|c BK
|